Loading...
Science - Other Science | 0 | 2 | 0 | 0 | 20 | 35 | 47.50 | 0 | 1 |
History - American History | 0 | 2 | 0 | 0 | 20 | 20 | 38.00 | 1 | 2 |
History - European History | 0 | 2 | 0 | 1 | 20 | 44 | 73.00 | 0 | 1 |
History - Other History | 0 | 2 | 0 | 0 | 20 | 69 | 82.00 | 0 | 1 |
History - World History | 0 | 2 | 0 | 0 | 20 | 28 | 46.50 | 0 | 1 |
Fine Arts - Classical Music | 0 | 2 | 0 | 0 | 20 | 70 | 74.50 | 1 | 1 |
Mythology | 0 | 1 | 0 | 1 | 10 | 72 | 72.00 | 0 | 0 |
Literature - European Literature | 0 | 1 | 0 | 0 | 10 | 31 | 31.00 | 1 | 1 |
Pop Culture | 0 | 1 | 0 | 0 | 10 | 44 | 44.00 | 1 | 1 |
Science - Biology | 0 | 1 | 0 | 1 | 10 | 100 | 100.00 | 0 | 0 |
Literature - World Literature | 0 | 1 | 0 | 0 | 10 | 102 | 102.00 | 1 | 1 |
Geography | 0 | 1 | 1 | 0 | 5 | 62 | 62.00 | 0 | 1 |
Fine Arts - Other Fine Arts | 0 | 0 | 1 | 0 | -5 | 0.00 | 0 | 0 |